Statistics for Stay Stay Stay Taylor swift lyrics

Click here to take the quiz!

General Stats

  • This quiz has been taken 760 times
  • The average score is 10 of 10

Answer Stats

HintAnswer% Correct
but I think it's best if we both ___stay
100%
i'm pretty sure we almost broke up __ ___last night
99%
and I said ___ ____ ___stay stay stay
98%
I threw my phone across the room ___ ___at you
97%
you think that it's funny when I get ___ ____ ____mad mad mad
97%
I've been loving you for quite some __ ___ ____time time time
97%
I was expecting some dramatic turn away but yooooooou _______stayed
95%
cause i read you should never leave a fight ____unresolved
95%
This morning I said we should __ ___ ___talk about it
94%
That's when you came in wearing a football helmet and said __ ___ ___ok lets tallk
82%

Score Distribution

Percentile by Number Answered

Percent of People with Each Score

Your Score History

You have not taken this quiz